00371nam a2200145Ia 4500008004000000020001800040041000800058082001600066100001800082245003200100260004500132300001200177650001800189650001800207210210b2014 xxu||||| |||| 00| 0 eng d a9788184872705 aeng a620.85 JAIE aJAIN (Monika) aEnvironmental biotechnology aNew DelhibNarosa Publishing Housec2014 axii,271 aEnvironmental abiotechnology